000 00697cab a2200193 4500
001 L136244
008 070119n2007 000 0 eng u
035 _a(Sirsi) u136244
041 0 _aeng
100 1 _aMcAndrew, Mark
245 0 0 _aStrong demand keeps prices up
260 _c2007
490 0 _aFarmers' Weekly
_v146 (1) 5 January 2007, 20-21(2)
520 _aProvides an explanation for why the land market has remained strong. Gives a forecast for the 2007 market predicting continued confidence, and explains why farmers are willing to buy again. Graphs.
590 _aKA
651 4 _aEngland
_y886-
690 _aPROPERTY-RURAL AND NATURAL ASSETS-AGRICULTURAL PROPERTY
942 _n0
999 _c78207
_d78207